Joueurs de l’aviron bayonnais rugby 2025-2026 - Mort subite - Statistiques

Statistiques générales
  • Ce quiz a été pris 95 fois
  • Le résultat moyen est 14 sur 19
Answers on the Grid
Answers color-coded by a green-red scale on the quiz's grid according to % correct below.
Tom Spring
Joris Segonds
Esteban Capilla
Facundo Bosch
Antoine Dupont
Maxime Lucu
Baptiste Germain
Paul Costes
Swan Cormenier
Baptiste Tilloles
Noa Traversier
Gael Drean
Rodrigo Bruni
Etienne Fourcade
Manu Tuilagi
Guillaume Martocq
Dan Robson
James Hall
Leo Berdeu
Reece Hodge
Federico Mori
Valentin Simutoga
Lucas Martin
Baptiste Heguy
Alexander Moon
Pascal Cotet
Reda Wardi
Pierre Castillon
Gareth Anscombe
Huw Jones
 
Statistiques - réponses
Réponse % Correct
Joris Segonds
99%
Tom Spring
97%
Esteban Capilla
96%
Facundo Bosch
90%
Baptiste Germain
88%
Manu Tuilagi
83%
Swan Cormenier
74%
Guillaume Martocq
72%
Rodrigo Bruni
72%
Baptiste Heguy
68%
Federico Mori
65%
Lucas Martin
65%
Alexander Moon
62%
Pierre Castillon
62%
Baptiste Tilloles
59%
Noa Traversier
59%
Pascal Cotet
55%
Gareth Anscombe
51%
Reece Hodge
51%
Aucun quiz correspondant
Distribution des résultats
% des personnes avec chaque résultat
Percentile par nombre de réponses
Votre historique - résultats
Vous n’avez pas pris ce quiz